000 00416nam a22001697a 4500
008 151103b xxu||||| |||| 00| 0 eng d
020 _a9780071285506
041 0 _aeng
080 _a658
245 0 _aGlobal business today /
_cCharles W. L. Hill.
250 _a6th. ed.
260 _aUSA:
_bMcGraw-Hill;
_c2009.
300 _a608 f.:
_bme il.;
_c23 cm.
650 0 _aBiznesi
650 0 _aGlobal
942 _2udc
_cBK
999 _c1351
_d1351